00295nam a2200121Ia 4500008004100000100001900041245004700060260002200107300000800129650001400137942000700151999001500158190216s9999||||xx |||||||||||||| ||und|| aAhluwaliya B K 0aLaboratory Techniques In Organic Chemistry bI.K.International a195 aChemistry cBK c3426d3426